| 000 | 01654nam a2200421Ii 4500 | ||
|---|---|---|---|
| 001 | DIGBIBDIG021 | ||
| 003 | NyNyDIG | ||
| 008 | 180829s2012 fr o 000 m spa d | ||
| 006 | m o d | ||
| 007 | cr ||||||||||| | ||
| 035 | _a(OCoLC)969878838 | ||
| 040 |
_aDGITA _beng _erda _epn _cDGITA |
||
| 020 |
_a9791021314139 _q(eBook ; _qePub) |
||
| 050 | 1 | 4 | _aPQ6410.L3 ebook |
| 082 | 0 | 4 | _a868.3 |
| 100 | 1 |
_aLeón, Luis de, _d1527-1591, _eauthor. |
|
| 240 | 1 | 0 |
_aWorks. _kSelections (2012) |
| 245 | 1 | 0 |
_aObras / _cFray Luis de León. |
| 246 | 3 | _aObras de Fray Luis de León | |
| 264 | 1 |
_a[Paris?] : _bEdiciones la Biblioteca Digital, _c[2012?] |
|
| 300 | _a1 online resource. | ||
| 336 |
_atext _btxt _2rdacontent |
||
| 337 |
_acomputer _bc _2rdamedia |
||
| 338 |
_aonline resource _bcr _2rdacarrier |
||
| 505 | 0 | _aDe los nombres de Cristo -- La perfecta casada -- Poesías. | |
| 588 | 0 | _aOnline resource; title from ePub title page (Digitalia, viewed November 21, 2016) | |
| 600 | 0 | 0 |
_aJesus Christ _xName _vEarly works to 1800. |
| 650 | 0 |
_aMarriage _vEarly works to 1800. |
|
| 655 | 0 | _aElectronic books. | |
| 700 | 1 | 2 |
_iContainer of (work): _aLeón, Luis de, _d1527-1591. _tDe los nombres de Cristo. |
| 700 | 1 | 2 |
_iContainer of (work): _aLeón, Luis de, _d1527-1591. _tPerfecta casada. |
| 700 | 1 | 2 |
_iContainer of (work): _aLeón, Luis de, _d1527-1591. _tPoems. _kSelections (2012) |
| 791 | 2 |
_aDigitalia (Firm), _edistributor. |
|
| 793 | 0 |
_gDigitalia eBook Collection: _aEdiciones La Biblioteca Digital |
|
| 856 | 4 | 0 |
_3Digitalia Hispánica _uhttps://www.digitaliapublishing.com/a/26320/ |
| 910 | _aPremium Collection: 2016 | ||
| 942 | _cRAA | ||
| 999 |
_c238785 _d238785 |
||